01265nam a2200313Ia 4500001001200000003000800012006001900020007001500039008004100054010001700095020001500112020003600127040002100163035002100184050002600205082002100231100004300252245011000295260004800405300002900453504006600482533015200548600002900700650003300729655002900762710001700791856012600808999001700934ebr10085457CaPaEBRm u cr cn|||||||||930317s1994 nyuab sb 001 0 eng d z 93007660  z0195101170 z0195078039 (cloth : alk. paper) aCaPaEBRcCaPaEBR a(OCoLC)19192796214aBX7795.F7bI54 1994eb04a289.6/092aB2201 aIngle, H. Larryq(Homer Larry),d1936-10aFirst among friendsh[electronic resource] :bGeorge Fox and the creation of Quakerism /cH. Larry Ingle. aNew York :bOxford University Press,c1994. aix, 407 p. :bill., map. aIncludes bibliographical references (p. [359]-397) and index. aElectronic reproduction.bPalo Alto, Calif. :cebrary,d2009.nAvailable via World Wide Web.nAccess may be limited to ebrary affiliated libraries.10aFox, George,d1624-1691. 0aQuakerszEnglandvBiography. 7aElectronic books.2local2 aebrary, Inc.40uhttp://site.ebrary.com/lib/rucke/Doc?id=10085457zAn electronic book accessible through the World Wide Web; click to view c49664d49664